000 00590nam a2200229Ia 4500
003 OSt
005 20220923230602.0
006 a|||||r|||| 00| 0
007 ta
008 Pun
024 _a283,381
037 _cTextual
040 _aARTS
_cARTS
_bPun
041 _2Pun
_aPun
082 _aO153,3NSH7x, N0
100 _aFਰਮਾ, ਸੁਭਾF
_9169068
245 0 _aਪਲਾਟ ਸਿਲ ਗਿਆ
260 _c1990
650 _aਪੰਜਾਬੀ ਸਾਹਿਤ
942 _hO153,3NSH7x, N0
_cTEXL
_2CC
999 _c385869
_d385869